000 00985cab a2200277 4500
001 ABS48027
008 090401t1993 xxu||||| |||| 00| 0 eng d
035 _a(Sirsi) u64508
041 _aeng
100 _aGreenberg, M.
245 _aImpact of hazardous waste sites on property value
260 _c1993
350 _a0
490 _aAppraisal Journal
_v61(1) January 1993, 42-51(10)
520 _aTaking New Jersey as its example, the article observes the decline in values for property adjacent to toxic waste sites, using tax assessments as the indicator. Other factors, however, such as recession, taxation or planning policies are acknowledged as having similar or greater impact.
650 _aBLIGHT
650 _aCONTAMINATED LAND
650 _aContamination
_96231
650 _aPOLLUTION
650 _aPROPERTY VALUES
650 _aValuation
_96273
650 _aVALUE
690 _aENVIRONMENTAL AND LAND CONSULTANCY
942 _n0
948 _c04/03/1997
999 _c40182
_d40182